000 00581nam a22001937a 4500
999 _c7998
_d7998
003 BD-JhCC
005 20180923105000.0
008 180217b2007 bg ||||| |||| 00| 0 ben d
035 _a(BD-JhCC)
040 _aBD-JhCC
_dBD-JhCC
041 _aben
082 _a290
_bMON 2007
100 _aমন্ডল, অনুপম হীরা
245 _aবাংলার ভাবান্দোলন ও মতুয়া ধর্ম /
_c অনুপম হীরা মন্ডল
300 _a256 p. :
_c21 cm.
650 _aReligon
942 _2ddc
_cBK